|
|
|
|
| LEADER |
01242nam a2200337 a 4500 |
| 001 |
29304 |
| 003 |
BD-DhAAL |
| 005 |
20150526143508.0 |
| 008 |
150526r1968 nyua b 001 0 eng c |
| 010 |
|
|
|a 86672860
|
| 020 |
|
|
|a 0853450730 (pbk.)
|
| 020 |
|
|
|a 9780853450733
|
| 040 |
|
|
|a MH
|c MH
|d DLC
|d BD-DhAAL
|
| 043 |
|
|
|a n-us---
|
| 050 |
1 |
4 |
|a HB501
|b .B244x 1968
|
| 082 |
0 |
0 |
|2 20
|a 338.820973
|
| 100 |
1 |
|
|a Baran, Paul A.
|9 11450
|
| 245 |
1 |
0 |
|a Monopoly capital :
|b an essay on the American economic and social order /
|c Paul A. Baran and Paul M. Sweezy.
|
| 250 |
|
|
|a 1st Modern reader paperback ed.
|
| 260 |
|
|
|a New York :
|b Monthly Review Press,
|c 1968, c1966.
|
| 300 |
|
|
|a ix, 401 p. :
|b ill. ;
|c 21 cm.
|
| 490 |
0 |
|
|a Modern reader paperbacks ;
|v PB-73
|
| 504 |
|
|
|a Includes bibliographical references and indexes.
|
| 541 |
|
|
|e 29304
|
| 650 |
|
0 |
|a Monopolies
|z United States.
|9 11451
|
| 650 |
|
0 |
|a Marxian economics.
|9 10718
|
| 650 |
|
0 |
|a Capital.
|9 11452
|
| 700 |
1 |
|
|a Sweezy, Paul M.
|q (Paul Marlor),
|d 1910-2004.
|9 11453
|
| 942 |
|
|
|2 ddc
|c BK
|
| 999 |
|
|
|c 34529
|d 34529
|
| 952 |
|
|
|0 0
|1 0
|2 ddc
|4 0
|6 338_820973000000000_BAR
|7 0
|9 53913
|a BRACUL
|b BRACUL
|c GEN
|d 2015-05-26
|l 1
|m 2
|o 338.820973 BAR
|p 3010029304
|r 2016-04-13
|s 2016-03-24
|t 1
|w 2015-05-26
|y BK
|